L’intégration des élèves syriens dans les écoles libanaises : trois témoignages (notice n° 1584062)

détails MARC
000 -LEADER
fixed length control field 01309cam a2200181 4500500
005 - DATE AND TIME OF LATEST TRANSACTION
control field 20251228052616.0
041 ## - LANGUAGE CODE
Language code of text/sound track or separate title fre
042 ## - AUTHENTICATION CODE
Authentication code dc
100 10 - MAIN ENTRY--PERSONAL NAME
Personal name Grappe, Isabelle
Relator term author
245 00 - TITLE STATEMENT
Title L’intégration des élèves syriens dans les écoles libanaises : trois témoignages
260 ## - PUBLICATION, DISTRIBUTION, ETC.
Date of publication, distribution, etc. 2015.<br/>
500 ## - GENERAL NOTE
General note 57
520 ## - SUMMARY, ETC.
Summary, etc. Cet article présente trois témoignages d’actions en cours depuis 2013. Ceux-ci montrent comment les actions de formations pour l’intégration des élèves réfugiés syriens dans les établissements scolaires libanais ont transformé la résistance à l’accueil de ces enfants en une prise de conscience des problèmes des élèves libanais. L’approche sociolinguistique couplée à une approche globale ainsi adoptée a permis de prendre en compte le profil linguistique et socioculturel des élèves et a renforcé les techniques des enseignants et des encadrants. Ceci a contribué à faire émerger une conscience des Droits à l’Education et des Droits des Enfants.
700 10 - ADDED ENTRY--PERSONAL NAME
Personal name Compain, Delphine
Relator term author
700 10 - ADDED ENTRY--PERSONAL NAME
Personal name Salamé, Feyrouz
Relator term author
786 0# - DATA SOURCE ENTRY
Note Confluences Méditerranée | 92 | 1 | 2015-04-01 | p. 157-170 | 1148-2664
856 41 - ELECTRONIC LOCATION AND ACCESS
Uniform Resource Identifier <a href="https://shs.cairn.info/revue-confluences-mediterranee-2015-1-page-157?lang=fr&redirect-ssocas=7080">https://shs.cairn.info/revue-confluences-mediterranee-2015-1-page-157?lang=fr&redirect-ssocas=7080</a>

Pas d'exemplaire disponible.

PLUDOC

PLUDOC est la plateforme unique et centralisée de gestion des bibliothèques physiques et numériques de Guinée administré par le CEDUST. Elle est la plus grande base de données de ressources documentaires pour les Étudiants, Enseignants chercheurs et Chercheurs de Guinée.

Adresse

627 919 101/664 919 101

25 boulevard du commerce
Kaloum, Conakry, Guinée

Réseaux sociaux

Powered by Netsen Group @ 2025